| 000 | 00457nam a22001697a 4500 | ||
|---|---|---|---|
| 999 |
_c186196 _d186196 |
||
| 005 | 20220216123634.0 | ||
| 010 | _aENG-131627 | ||
| 020 |
_c9789350693667 _a40.00 |
||
| 035 | _aEN-115159 | ||
| 037 | _bDBAD | ||
| 082 | _a230.35 | ||
| 245 | _aPrasanthi Nilayam/ | ||
| 260 |
_aIndia _bSri Sathya Sai Sadhana Trust Publications Divisions _c2018 |
||
| 270 |
_bIndia _e515134 |
||
| 300 |
_a104p. _c21cm(pbk) |
||
| 942 |
_2ddc _cEN _h230.35 _mPRA |
||